| 000 | 00835nam a2200241 i 4500 | ||
|---|---|---|---|
| 001 | bgj | ||
| 100 | 1 |
_aSHAPIRO, Irwin _d(1911- ). |
|
| 245 | 1 | 0 |
_aThe Golden Book of America : _bstories from our country's past = adapted for young readers from the pages of "American Heritage" / _cby Irwin Shapiro ; with a foreword by Bruce Catton. |
| 250 | _a[2nd limp bound print.]. | ||
| 260 |
_aNew York : _bGolden Press, _c1974. |
||
| 300 |
_a216 pp : _bill., ports., facsims. ; _c28 cm. |
||
| 505 | _aIncludes index. | ||
| 651 | 9 |
_aUnited States _xCivilizations |
|
| 651 | 9 |
_aUnited States _xHistory, Juvenile |
|
| 651 | 9 |
_aUnited States _xHistory |
|
| 655 | _aPictorial works | ||
| 700 | 1 | _aCATTON, Bruce. | |
| 710 | p | 0 | _aAmerican Heritage |
| 040 | _cBPK | ||
| 041 | 0 | _aeng | |
| 942 | _cKS | ||
| 008 | s uk f |000 0 eng | ||
| 999 |
_c47855 _d47855 |
||